000 00295nam a2200097Ia 4500
008 220204s9999 xx 000 0 und d
082 _a339.562
_bIMP.2
245 0 _aImport trade control policy for the year April 1973-March 1974. V 2
260 _aDelhi
_bManager of Publications
_c1973
942 _cBK
999 _c22421
_d22421